Strategic Management and Business Policy (Record no. 347814)
[ view plain ]
| 000 -LEADER | |
|---|---|
| fixed length control field | 00424 a2200145 4500 |
| 020 ## - INTERNATIONAL STANDARD BOOK NUMBER | |
| International Standard Book Number | 0201773236 |
| 024 ## - OTHER STANDARD IDENTIFIER | |
| Standard number or code | 9780201773231 |
| 082 ## - DEWEY DECIMAL CLASSIFICATION NUMBER | |
| Classification number | 658.4012 |
| 090 ## - LOCALLY ASSIGNED LC-TYPE CALL NUMBER (OCLC); LOCAL CALL NUMBER (RLIN) | |
| -- | 5404 |
| -- | 5404 |
| 100 ## - MAIN ENTRY--PERSONAL NAME | |
| Personal name | Wheelen, Thomas L.; Hunger, David J. |
| 245 ## - TITLE STATEMENT | |
| Title | Strategic Management and Business Policy |
| Remainder of title | Entering 21st Century Global Society |
| Statement of responsibility, etc. | Wheelen, Hunger |
| 250 ## - EDITION STATEMENT | |
| Edition statement | 6th Ed. |
| 260 ## - PUBLICATION, DISTRIBUTION, ETC. | |
| Name of publisher, distributor, etc. | Addison-Wesley |
| 942 ## - ADDED ENTRY ELEMENTS (KOHA) | |
| Institution code [OBSOLETE] | NBS |
| Koha item type | Book |
| Call number prefix | 658.4012 WHE |
| Withdrawn status | Lost status | Damaged status | Not for loan | Permanent Location | Current Location | Date acquired | Total Checkouts | Full call number | Barcode | Date last seen | Price effective from | Koha item type |
|---|---|---|---|---|---|---|---|---|---|---|---|---|
| Central Library (CL) | Central Library (CL) | 08/28/2013 | 658.4012 WHE | NBS3815 | 08/28/2013 | 08/28/2013 | Book | |||||
| Central Library (CL) | Central Library (CL) | 08/28/2013 | 658.4012 WHE | NBS3548 | 08/28/2013 | 08/28/2013 | Book |
